000 00393nam a2200145Ia 4500
008 240624s9999 xx 000 0 und d
041 _aeng
082 _a659 KAT
100 _aKATZ HELEN
245 _aMEDIA HANDBOOK A COMPLETE GUIDE TO ADVER
250 _a(2nd ed.)
260 _c2003
_aLondon
_bLawrence Erlbaum Associates Publishers
300 _axix, : 185 : p. : cm. ; 22
365 _c
_b35
999 _c5854
_d5854